000
00238nmm a2200085Ia 4500
008
220120s9999||||xx |||||||||||||||||und||
100
_a
Digit, October
245
0
_a
FIFA 09 Demo ; Sample flash files , vista service pack 1.0,
260
_c
2008
999
_c
139213
_d
139213